Argentina 2026 FIFA World Cup Squad - Statistics

General Stats
  • This quiz has been taken 37 times
  • The average score is 17 of 27
Answer Stats
# Position Player % Correct
23 GK Emiliano Martínez
100%
22 FW Lautaro Martínez
100%
10 FW © Lionel Messi
100%
6 DF Lisandro Martínez
100%
20 MF Alexis Mac Allister
85%
9 FW Julián Alvarez
85%
19 DF Nicolás Otamendi
81%
3 DF Nicolás Tagliafico
81%
7 MF Rodrigo De Paul
81%
24 MF Enzo Fernández
78%
26 DF Nahuel Molina
74%
13 DF Cristian Romero
70%
4 DF Gonzalo Montiel
67%
Manager Lionel Scaloni
67%
12 GK Gerónimo Rulli
63%
5 MF Leandro Paredes
63%
18 FW Nico Paz
59%
15 FW Nicolás González
56%
17 FW Giuliano Simeone
48%
16 FW Thiago Almada
48%
1 GK Juan Musso
44%
14 MF Exequiel Palacios
33%
11 MF Giovani Lo Celso
33%
2 DF Leonardo Balerdi
26%
25 DF Facundo Medina
22%
21 FW José Manuel López
22%
8 MF Valentín Barco
22%
No matching quizzes found
Score Distribution
Percent of People with Each Score
Percentile by Number Answered
Your Score History
You have not taken this quiz